000 00978nam0a2200289 4500
001 RU\NLR\bibl\1012447
005 20260405140955.0
021 _aRU
_b2006-67407
_93389
035 _a(NLR Aleph) 001000071
090 _a573016
_c573016
100 _a20061123d2006 |||y0rusy50 ca
101 0 _arus
102 _aRU
105 _ay |||||||||
200 1 _aБуцефалограмма
_eстихотворения
_fАлександр Дудников
210 _aМосква
_cИП Хоружевский А.И.
_d2006
215 _a39 с.
_d21
320 _aДр. произведения авт. на 4-й с. обл.
686 _aШ6(2=Р)75-5
700 1 _4070
_8rus
_7ca
_aДудников
_bА. И.
_f1944-
_gАлександр Иванович
_3RU\NLR\auth\7757117
_940049
801 0 _aRU
_bNLR
_c20061123
_grcr
801 1 _aRU
_bNLR
_c20061123
830 _aавт. по кн.
942 _cBOOK
980 _aNB